000
00315nam a22001457a 4500
003
SGT
020
_a
978-81-239-2590-5
082
_a
612.65
_b
C15S
100
_a
SINGH, MEHARBAN
245
_a
A TO Z CHILD CARE
260
_a
NEW DELHI
_b
C.B.S PUB
_c
2015
300
_a
344
650
_a
AYURVEDA
942
_2
ddc
_c
BK
_0
1
999
_c
14903
_d
14903